Introduction to social workIntroduction to social work (Record no. 3820)
[ view plain ]
| 000 -LEADER | |
|---|---|
| fixed length control field | 00449nam a2200133 4500 |
| 020 ## - INTERNATIONAL STANDARD BOOK NUMBER | |
| ISBN | 039597383X |
| 020 ## - INTERNATIONAL STANDARD BOOK NUMBER | |
| ISBN | 9780395973837 |
| 050 ## - CALL NUMBER | |
| Classification number | HV40 |
| Item number | .M31 |
| 100 ## - AUTHOR | |
| Personal name | Mandiberg, James M. |
| 245 ## - TITLE | |
| Title | Introduction to social workIntroduction to social work |
| Statement of responsibility, etc | James M. Mandiberg. |
| 260 ## - PUBLICATION INFORMATION | |
| Place of publication | Bellevue [IA] : |
| Name of publisher | Coursewise Pub., |
| Year of publication | ©2000. |
| 300 ## - DESCRIPTION | |
| Number of Pages | xvi, 302 pages : |
| Other physical details | illustrations ; 28 cm + 1 booklet |
| Dimensions | (16 pages ; 16 cm) in pocket. |
| 942 ## - ADDED ENTRY ELEMENTS (KOHA) | |
| Koha item type | Books |
| Withdrawn status | Lost status | Home library | Current library | Shelving location | Date acquired | Source of acquisition | Full call number | Accession Number | Koha item type |
|---|---|---|---|---|---|---|---|---|---|
| Methodist University Library Main | Methodist University Library Main | General Stacks | Donation from Prof. Berth K. Yeboah USA | HV40 .M31 | 3942 | Books |